Religious Freedom and Pluralism in Africa. (Record no. 34364)

MARC details
000 -LEADER
fixed length control field 00415nam a2200169Ia 4500
020 ## - INTERNATIONAL STANDARD BOOK NUMBER
ISBN 978-1-928357-03-2
050 ## - CALL MARK
Classification number KR 14.45 .C6/
100 ## - STATEMENT OF RESPONSIBILITY--MAIN AUTHOR NAME
Personal name Coertzen Pieter
245 #0 - TITLE STATEMENT
Title Religious Freedom and Pluralism in Africa.
260 ## - PUBLICATION, DISTRIBUTION, ETC. (IMPRINT)
Name of publisher SunMedia
260 ## - PUBLICATION, DISTRIBUTION, ETC. (IMPRINT)
Year of publication 2016
300 ## - PHYSICAL DESCRIPTION
Number of Pages 472 p
650 ## - SUBJECT ADDED ENTRY--TOPICAL TERM
Topical Term Religious Freedom
942 ## - ADDED ENTRY ELEMENTS (KOHA)
Koha item type Books
Holdings
Withdrawn status Lost status Source of classification or shelving scheme Damaged status Not for loan Permanent Location Current Location Date acquired Accession Number Price effective from Koha item type
    Library of Congress Classification     Law Library Law Library 04/23/2025 0187353 04/23/2025 Books